[Event "Lliga Catalana eq. DH"]
[Site "?"]
[Date "2014.01.25"]
[Round "?"]
[White "Colls Gelaberto, E."]
[Black "Gorgues Mateu, D."]
[Result "1/2-1/2"]
[WhiteElo "2270"]
[BlackElo "1865"]
[PlyCount "108"]
[EventDate "2014.??.??"]
[EventType "team"]
[EventCountry "ESP"]

1. d4 Nf6 2. c4 c5 3. Nf3 cxd4 4. Nxd4 a6 5. Nc3 Qc7 6. e4 e6 7. a3 Nc6 8. Be3
g6 9. Be2 Bg7 10. O-O O-O 11. Rc1 d6 12. f3 Bd7 13. Nd5 Qd8 14. Nxc6 bxc6 15.
Nxf6+ (15. Nb6 Rb8 16. c5 d5 17. e5 Ne8 18. Bd4 $14) 15... Qxf6 16. b4 Qb2 17.
Qd3 $14 d5 18. Rc2 Qe5 19. Rd1 Rfc8 20. f4 Qb8 21. cxd5 cxd5 (21... exd5) 22.
Rxc8+ Qxc8 23. exd5 Bb5 24. Qd2 Bc3 25. Qc2 exd5 26. Bxb5 $6 (26. Rxd5) 26...
axb5 $11 27. Rxd5 Rxa3 28. Qd3 Ra1+ 29. Kf2 Be1+ 30. Kf3 Qa8 31. Qe4 Bxb4 $15
32. Rxb5 $4 Qxe4+ $4 (32... Rf1+ $19) 33. Kxe4 $11 Bc3 34. Rc5 Bb2 35. Rc2 Ra4+
36. Kf3 Ba1 37. g4 h5 38. gxh5 gxh5 39. Rc5 h4 40. Kg4 Bf6 41. h3 Kg7 42. Bf2
Ra2 43. Bxh4 Rg2+ 44. Kf3 Rg1 45. Bg5 Bd4 46. Rd5 Bc3 47. Be7 Rf1+ 48. Ke4 Re1+
49. Kd3 Rxe7 50. Kxc3 Re4 51. Rd4 Re3+ 52. Rd3 Re4 53. Rf3 f5 54. Kd3 Kh6
1/2-1/2

[Event "Lliga Catalana eq. DH"]
[Site "?"]
[Date "2014.03.29"]
[Round "?"]
[White "Cruz Sanchez, JE."]
[Black "Baches Garcia, G."]
[Result "0-1"]
[WhiteElo "2541"]
[BlackElo "2424"]
[PlyCount "65"]
[EventDate "2014.??.??"]
[EventType "team"]
[EventCountry "ESP"]

1. c4 c5 2. Nc3 Nc6 3. g3 g6 4. Bg2 Bg7 5. Nf3 e6 6. O-O Nge7 7. b3 d5 8. Bb2
d4 9. Na4 b6 10. e3 e5 11. a3 Rb8 12. exd4 cxd4 13. d3 b5 14. cxb5 Rxb5 15. Rc1
Be6 16. Nc5 Bd5 17. b4 a5 18. Qa4 Qb6 19. Nd2 axb4 20. Bxd5 Nxd5 21. Nc4 Qxc5
22. Qxb5 Qxb5 23. Nd6+ Kd7 24. Nxb5 Nc3 25. Bxc3 bxc3 26. Rc2 f5 27. f3 Re8 28.
Rb1 Bh6 29. Kf2 e4 30. dxe4 fxe4 31. Rd1 Be3+ 32. Ke2 exf3+ 33. Kxf3 0-1

[Event "Lliga Catalana eq. DH"]
[Site "?"]
[Date "2014.03.29"]
[Round "?"]
[White "De la Fuente Clemente, C."]
[Black "Moravich Casals, JS."]
[Result "1/2-1/2"]
[WhiteElo "1975"]
[BlackElo "2116"]
[PlyCount "116"]
[EventDate "2014.??.??"]
[EventType "team"]
[EventCountry "ESP"]

1. e4 c5 2. Nf3 d6 3. Bb5+ Bd7 4. Bxd7+ Qxd7 5. c4 Nc6 6. O-O g6 7. Nc3 Bg7 8.
b3 e6 9. Bb2 Nge7 10. Rb1 O-O 11. Ne2 Bxb2 12. Rxb2 d5 13. cxd5 exd5 14. e5
Rfe8 15. d4 cxd4 16. Nexd4 Nxd4 17. Nxd4 Nf5 18. Nxf5 Qxf5 19. Qxd5 Qxe5 20.
Qxe5 Rxe5 21. Rc2 Rae8 22. Rc7 R8e7 23. Rxe7 Rxe7 24. f3 Kg7 25. Rf2 Kf6 26.
Rc2 h5 27. Kf2 Kf5 28. Rc4 g5 29. Rc5+ Kg6 30. Ra5 b6 31. Rd5 Rc7 32. Ke3 Rc2
33. Rd2 Rxd2 34. Kxd2 Kf5 35. Kd3 Ke5 36. Kc4 a6 37. a4 f5 38. b4 h4 39. a5
bxa5 40. bxa5 g4 41. fxg4 fxg4 42. Kc5 Ke4 43. Kb6 Ke3 44. Kxa6 Kf2 45. Kb5
Kxg2 46. a6 Kxh2 47. a7 g3 48. a8=Q g2 49. Qb8+ Kh1 50. Qb7 h3 51. Qf3 h2 52.
Kc4 Kg1 53. Qd1+ Kf2 54. Qd2+ Kf3 55. Qd3+ Kf2 56. Qd4+ Kf3 57. Qd5+ Kf2 58.
Qc5+ Ke2 1/2-1/2

[Event "Lliga Catalana eq. DH"]
[Site "?"]
[Date "2014.03.29"]
[Round "?"]
[White "Delorme, Axel"]
[Black "Dvirnyy, D."]
[Result "1/2-1/2"]
[WhiteElo "2479"]
[BlackElo "2574"]
[PlyCount "63"]
[EventDate "2014.??.??"]
[EventType "team"]
[EventCountry "ESP"]

1. e4 e5 2. Nf3 Nc6 3. Bb5 a6 4. Ba4 Nf6 5. O-O Be7 6. Re1 b5 7. Bb3 d6 8. c3
O-O 9. h3 Nb8 10. d4 Nbd7 11. Nbd2 Bb7 12. Bc2 Re8 13. Nf1 Bf8 14. Ng3 g6 15.
a4 c6 16. b3 Qc7 17. Bb2 Bg7 18. Bd3 Rad8 19. Qc2 d5 20. dxe5 Nxe4 21. Nxe4
dxe4 22. Bxe4 bxa4 23. bxa4 Nxe5 24. c4 Bc8 25. Bc3 Nxf3+ 26. Bxf3 Bf5 27. Qb2
Bxc3 28. Qxc3 c5 29. Bd5 Qd6 30. Rxe8+ Rxe8 31. Re1 Rxe1+ 32. Qxe1 1/2-1/2

[Event "Lliga Catalana eq. DH"]
[Site "?"]
[Date "2014.03.29"]
[Round "?"]
[White "Escuder Vilaltella, J."]
[Black "Barbero Sendic, A."]
[Result "0-1"]
[WhiteElo "2391"]
[BlackElo "2416"]
[PlyCount "117"]
[EventDate "2014.??.??"]
[EventType "team"]
[EventCountry "ESP"]

1. e4 c5 2. Nf3 d6 3. d4 cxd4 4. Nxd4 Nf6 5. Nc3 g6 6. Be3 Bg7 7. f3 O-O 8. Qd2
Nc6 9. O-O-O d5 10. exd5 Nxd5 11. Nxc6 bxc6 12. Bd4 Nxc3 13. Qxc3 Bh6+ 14. Be3
Bxe3+ 15. Qxe3 Qb6 16. Qxb6 axb6 17. Bc4 b5 18. Bb3 c5 19. Bd5 Ra6 20. a3 e6
21. Be4 f5 22. Bd3 c4 23. Be2 Bb7 24. Kd2 Bd5 25. Kc3 Ra4 26. Rd4 Kg7 27. Rg1
g5 28. g3 Kf6 29. f4 g4 30. Rgd1 h5 31. Bf1 h4 32. R1d2 h3 33. Be2 Rh8 34. Rd1
Ke7 35. Rb1 Kd6 36. Kd2 b4 37. axb4 Rxb4 38. Kc3 Kc5 39. Rdd1 Ra4 40. Ra1 Rha8
41. Rxa4 Rxa4 42. Re1 Ra7 43. Bf1 Ra4 44. Be2 Kd6 45. Bf1 Ke7 46. Be2 Kf7 47.
Bf1 Kf6 48. Be2 Ra2 49. Bf1 Ra4 50. Be2 Ke7 51. Bf1 Kd6 52. Be2 Kc5 53. Bf1 Ra7
54. Be2 e5 55. fxe5 Re7 56. Bd1 f4 57. Rf1 f3 58. Rf2 Rxe5 59. Kd2 0-1

[Event "Lliga Catalana eq. DH"]
[Site "?"]
[Date "2014.01.25"]
[Round "?"]
[White "Fernandez Perez, D."]
[Black "Fassnacht, P."]
[Result "1-0"]
[WhiteElo "2350"]
[BlackElo "2171"]
[PlyCount "111"]
[EventDate "2014.??.??"]
[EventType "team"]
[EventCountry "ESP"]

1. d4 Nf6 2. c4 d6 3. Nf3 Nbd7 4. Nc3 e5 5. e4 Be7 6. Be2 O-O 7. O-O c6 8. d5
Nc5 9. Qc2 a5 10. b3 Bg4 11. Be3 Nfd7 12. h3 Bxf3 13. Bxf3 Bg5 14. Rfe1 Bxe3
15. Rxe3 g6 16. Rd1 Nf6 17. a3 Qb6 18. Rb1 cxd5 19. exd5 Ne8 20. Be2 Nd7 21. b4
axb4 22. axb4 Rc8 23. Ne4 Qd8 24. Rg3 Qe7 25. c5 Ndf6 26. Nxf6+ Nxf6 27. Rd1
Rfd8 28. c6 e4 29. b5 Nd7 30. Bg4 Rc7 31. Bxd7 Rdxd7 32. b6 Rc8 33. Rc3 Rdd8
34. Ra3 Re8 35. c7 f5 36. Qd2 Qh4 37. Kh2 g5 38. g3 Qh5 39. Re1 h6 40. Kg2 Re5
41. Qd1 Qf7 42. Ra7 f4 43. Qg4 Rf5 44. Rxb7 h5 45. Qd1 fxg3 46. fxg3 Rxd5 47.
Qe2 Ra5 48. Qe3 Rf8 49. Rb8 Ra2+ 50. Kg1 Rc2 51. Rxf8+ Qxf8 52. Qxg5+ Kh7 53.
Qxh5+ Kg7 54. Qg5+ Kh7 55. Rf1 Qe8 56. Rf6 1-0

[Event "Lliga Catalana eq. DH"]
[Site "?"]
[Date "2014.03.29"]
[Round "?"]
[White "Fluvia Poyatos, Joan"]
[Black "Vila Gazquez, X."]
[Result "0-1"]
[WhiteElo "2554"]
[BlackElo "2505"]
[PlyCount "79"]
[EventDate "2014.??.??"]
[EventType "team"]
[EventCountry "ESP"]

1. e4 c5 2. Nf3 e6 3. d4 cxd4 4. Nxd4 Nc6 5. Nc3 Qc7 6. Be3 a6 7. Qd2 Nf6 8.
O-O-O Be7 9. f3 b5 10. g4 Nxd4 11. Qxd4 Bb7 12. Rd2 e5 13. Qd3 b4 14. Nd5 Nxd5
15. exd5 Bc5 16. Bxc5 Qxc5 17. f4 O-O 18. fxe5 Rae8 19. Qd4 Qxd4 20. Rxd4 Rxe5
21. Bc4 d6 22. Rhd1 h5 23. Bb3 a5 24. a3 bxa3 25. bxa3 hxg4 26. Rxg4 g6 27. Ra4
Ra8 28. Rd3 Bc8 29. Rc4 Ba6 30. Rdd4 Bxc4 31. Rxc4 f5 32. Rc6 Rd8 33. c4 f4 34.
c5 f3 35. Bc4 f2 36. Kd2 Re1 37. cxd6 f1=Q 38. Bxf1 Rxf1 39. Ke3 Rf6 40. Kd4
0-1

[Event "Lliga Catalana eq. DH"]
[Site "?"]
[Date "2014.03.29"]
[Round "?"]
[White "Fluvia Poyatos, Jordi"]
[Black "Pardo Simon, D."]
[Result "0-1"]
[WhiteElo "2480"]
[BlackElo "2468"]
[PlyCount "95"]
[EventDate "2014.??.??"]
[EventType "team"]
[EventCountry "ESP"]

1. d4 d6 2. Nf3 g6 3. c4 Bg7 4. Nc3 Nc6 5. h3 e5 6. d5 Nce7 7. g4 f5 8. gxf5
Nxf5 9. Bg5 Nf6 10. e3 O-O 11. Qc2 h6 12. Bxf6 Qxf6 13. Ne4 Qf7 14. Nfd2 c6 15.
O-O-O Bd7 16. Qb3 Rab8 17. Nc3 b5 18. cxb5 cxb5 19. Nce4 a5 20. Kb1 b4 21. Nc4
a4 22. Qd3 Qe7 23. Qd2 Kh7 24. Bd3 Bf6 25. Rhg1 Bh4 26. Rg4 h5 27. Rg2 Be8 28.
Rdg1 Bf7 29. Ng5+ Bxg5 30. Rxg5 e4 31. Be2 Qf6 32. Na5 a3 33. Nc6 b3 34. Nxb8
Rxb8 35. Rxf5 gxf5 36. Qd4 bxa2+ 37. Ka1 Qxd4 38. exd4 Rxb2 39. Bc4 Rxf2 40. h4
Rd2 41. Bxa2 Rxd4 42. Bb3 Bxd5 43. Bc2 Rd2 44. Bb1 Kh6 45. Rd1 e3 46. Re1 Be4
47. Rxe3 Rd1 48. Rxe4 0-1

[Event "Lliga Catalana eq. DH"]
[Site "?"]
[Date "2014.01.25"]
[Round "?"]
[White "Garcia Paolicchi, R."]
[Black "Cuadras Avellana, J."]
[Result "1/2-1/2"]
[WhiteElo "2280"]
[BlackElo "2374"]
[PlyCount "42"]
[EventDate "2014.??.??"]
[EventType "team"]
[EventCountry "ESP"]

1. d4 d5 2. Nf3 Nf6 3. c4 e6 4. e3 c5 5. cxd5 exd5 6. Bb5+ Nbd7 7. O-O Bd6 8.
dxc5 Bxc5 9. Nc3 a6 10. Be2 Nb6 11. b3 O-O 12. Bb2 Qe7 13. Nd4 Be6 14. Qd3 Rac8
15. Rfd1 Rc7 16. Bf3 Rfc8 17. Nce2 Ba3 18. Qd2 Bb4 19. Qd3 Ba3 20. Qd2 Bb4 21.
Qd3 Ba3 1/2-1/2

[Event "Lliga Catalana eq. DH"]
[Site "?"]
[Date "2014.01.25"]
[Round "?"]
[White "Gorgues Valle, JM."]
[Black "Serra Pages, J."]
[Result "0-1"]
[WhiteElo "1910"]
[BlackElo "2291"]
[PlyCount "32"]
[EventDate "2014.??.??"]
[EventType "team"]
[EventCountry "ESP"]

1. e4 e5 2. Nf3 Nc6 3. Bb5 a6 4. Ba4 Nf6 5. d4 exd4 6. O-O Nxe4 7. Re1 d5 8.
Nxd4 Bd6 9. Nxc6 Bxh2+ 10. Kf1 Qh4 11. Rxe4+ dxe4 12. Nd4+ b5 13. Nxb5 O-O 14.
N5c3 Bg4 15. Qe1 Bf4 16. Ne2 Qh1+ 0-1

[Event "Lliga Catalana eq. DH"]
[Site "?"]
[Date "2014.03.29"]
[Round "?"]
[White "Kogan, A."]
[Black "Alsina Leal, D."]
[Result "0-1"]
[WhiteElo "2579"]
[BlackElo "2545"]
[PlyCount "108"]
[EventDate "2014.??.??"]
[EventType "team"]
[EventCountry "ESP"]

1. e4 c5 2. d3 Nc6 3. Be2 e6 4. f4 d5 5. Nf3 dxe4 6. dxe4 Qxd1+ 7. Bxd1 Nf6 8.
Nc3 Be7 9. e5 Nd5 10. Ne4 b6 11. c3 Ba6 12. Be2 Bxe2 13. Kxe2 f5 14. exf6 gxf6
15. Bd2 f5 16. Nf2 Bf6 17. Rhe1 Rg8 18. Kf1 Kf7 19. Re2 c4 20. Rae1 Rae8 21. g3
h6 22. Nd1 Re7 23. Kf2 b5 24. Ne3 Nb6 25. Nd1 Na4 26. Kg2 a5 27. Be3 Rd8 28.
Rc2 Red7 29. Nf2 b4 30. Rec1 bxc3 31. bxc3 Ne7 32. Bd4 Nd5 33. Nd1 Rc7 34. Ne5+
Bxe5 35. Bxe5 Rb7 36. Kf3 Rdd7 37. Nf2 Ne7 38. g4 Nc6 39. gxf5 exf5 40. Rg1
Nxe5+ 41. fxe5 Re7 42. Kf4 Rb5 43. Re1 Ke6 44. Rd2 Rd5 45. Rxd5 Kxd5 46. Nd1
Nc5 47. Nb2 Nd3+ 48. Nxd3 cxd3 49. Kxf5 d2 50. Rd1 Rxe5+ 51. Kf4 Re2 52. Kf3
Rxh2 53. Kg3 Kc4 54. Kxh2 Kxc3 0-1

[Event "Lliga Catalana eq. DH"]
[Site "?"]
[Date "2014.03.29"]
[Round "?"]
[White "Leiro Giralt, D."]
[Black "Quintas Galeano, L."]
[Result "1/2-1/2"]
[WhiteElo "2317"]
[BlackElo "2222"]
[PlyCount "58"]
[EventDate "2014.??.??"]
[EventType "team"]
[EventCountry "ESP"]

1. e4 c6 2. Nf3 d5 3. Nc3 Bg4 4. h3 Bxf3 5. Qxf3 e6 6. a3 Nd7 7. d3 Ngf6 8. g3
Bd6 9. Bg2 d4 10. Nb1 Qc7 11. O-O h6 12. Nd2 e5 13. Qe2 b5 14. c3 c5 15. Nf3
O-O 16. Nh4 Rfe8 17. Nf5 Bf8 18. cxd4 cxd4 19. f4 Qb6 20. Kh2 Rac8 21. Rf2 Rc6
22. b4 Rd8 23. Bb2 g6 24. fxe5 Nxe5 25. Nh4 Bg7 26. Nf3 Nxf3+ 27. Qxf3 Rc7 28.
Rc1 Rxc1 29. Bxc1 Qe6 1/2-1/2

[Event "Lliga Catalana eq. DH"]
[Site "?"]
[Date "2014.03.29"]
[Round "?"]
[White "Libiszewski, F."]
[Black "Gomez Jurado, LA."]
[Result "0-1"]
[WhiteElo "2497"]
[BlackElo "2365"]
[PlyCount "55"]
[EventDate "2014.??.??"]
[EventType "team"]
[EventCountry "ESP"]

1. d4 d5 2. c4 e6 3. Nc3 Nf6 4. cxd5 exd5 5. Bg5 c6 6. e3 Be7 7. Bd3 Bg4 8. Qc2
Bh5 9. Nge2 Bg6 10. Bxg6 hxg6 11. O-O-O Na6 12. f3 Nh5 13. Bxe7 Qxe7 14. e4
dxe4 15. fxe4 Qg5+ 16. Kb1 Qxg2 17. Qb3 Rb8 18. e5 Nc7 19. Qa3 Nd5 20. Nxd5
cxd5 21. Nc3 Qg5 22. e6 Qe7 23. Qxa7 O-O 24. Qa4 Rfe8 25. Ka1 b6 26. Rhe1 Qxe6
27. Nxd5 Qxd5 28. Qxe8+ 0-1

[Event "Lliga Catalana eq. DH"]
[Site "?"]
[Date "2014.01.25"]
[Round "?"]
[White "Lillo Castany, V."]
[Black "Jose Queralto, D."]
[Result "1/2-1/2"]
[WhiteElo "2359"]
[BlackElo "2218"]
[PlyCount "78"]
[EventDate "2014.??.??"]
[EventType "team"]
[EventCountry "ESP"]

1. e4 e5 2. Nf3 Nf6 3. Nxe5 d6 4. Nf3 Nxe4 5. Nc3 Nxc3 6. dxc3 Be7 7. Be3 Nc6
8. Qd2 Be6 9. O-O-O Qd7 10. Kb1 a6 11. h3 O-O-O 12. Ng5 Bxg5 13. Bxg5 f6 14.
Be3 Rhe8 15. Be2 Kb8 16. Rhe1 Qf7 (16... Bf5 17. g4 Be4 18. f3 Bg6 19. Bf2 h6
20. f4 Be4 $11) 17. b3 h5 18. f4 Bf5 19. Bf3 Qg6 20. Bf2 Be4 21. Bxe4 Rxe4 22.
Rxe4 Qxe4 23. Re1 Qf5 24. c4 Rd7 25. Re8+ Rd8 26. Qe3 Kc8 27. Re4 d5 28. cxd5
Qxd5 29. Kb2 Qd2 30. Re8 Qd5 31. Rxd8+ Nxd8 32. g4 hxg4 33. hxg4 Qe6 34. Qxe6+
(34. Qf3 f5 35. g5 g6 36. Bd4 Nc6 37. Bf6 Nb4 38. Qd1 Nd5 39. Be5 $11) 34...
Nxe6 35. Be3 g6 36. f5 gxf5 37. gxf5 Ng7 38. Bd4 Nxf5 39. Bxf6 Kd7 1/2-1/2

[Event "Lliga Catalana eq. DH"]
[Site "?"]
[Date "2014.03.29"]
[Round "?"]
[White "Lopez Agustench, E."]
[Black "Gil Gil, A."]
[Result "1-0"]
[WhiteElo "2317"]
[BlackElo "2022"]
[PlyCount "63"]
[EventDate "2014.??.??"]
[EventType "team"]
[EventCountry "ESP"]

1. d4 d5 2. Nf3 Nf6 3. c4 c6 4. e3 Bg4 5. Nc3 e6 6. Qb3 Qb6 7. Bd3 Qxb3 8. axb3
Na6 9. Ne5 Nb4 10. Bb1 Bh5 11. c5 Be7 12. Na4 O-O 13. Bd2 Na6 14. f3 Rfd8 15.
Bd3 Nc7 16. Ba5 Rac8 17. Nc3 Nd7 18. Nxd7 Rxd7 19. Bxc7 Rdxc7 20. Rxa7 e5 21.
b4 exd4 22. exd4 Bh4+ 23. Kd2 Bg5+ 24. Kc2 Bf6 25. Ne2 Re7 26. Nf4 Bg6 27. Nxg6
hxg6 28. Kc3 Rce8 29. Rha1 Kh7 30. Ra8 Rxa8 31. Rxa8 Kh6 32. Rh8+ 1-0

[Event "Lliga Catalana eq. DH"]
[Site "?"]
[Date "2014.01.25"]
[Round "?"]
[White "Mateu Guiu, E."]
[Black "Pijuan Herranz, M."]
[Result "1-0"]
[WhiteElo "2159"]
[BlackElo "2313"]
[PlyCount "109"]
[EventDate "2014.??.??"]
[EventType "team"]
[EventCountry "ESP"]

1. e4 e5 2. Nc3 Nf6 3. f4 d5 4. fxe5 Nxe4 5. Nf3 Bc5 6. Qe2 Bf5 7. d4 Bb6 8.
Be3 Ba5 9. Bd2 c6 10. a3 O-O 11. b4 Bc7 12. Qe3 f6 13. Nxe4 dxe4 14. Bc4+ Kh8
15. Nh4 fxe5 16. Nxf5 Rxf5 17. Qxe4 Rf8 18. Bd3 g6 19. dxe5 Qd5 20. Bc3 Qxe4+
21. Bxe4 Nd7 22. e6+ Be5 23. O-O-O Bxc3 24. Rxd7 Rfe8 25. e7 Rab8 26. Rf1 Kg7
27. Bd3 b5 28. Be4 Rbc8 29. Rxa7 Bf6 30. Rd1 Bxe7 31. Rdd7 Kf6 32. Bf3 c5 33.
Ra6+ Kg5 34. Re6 Bf8 35. Rxe8 Rxe8 36. Rd5+ Kf4 37. c3 cxb4 38. axb4 Rc8 39.
Kd2 Bg7 40. Rd3 h5 41. Be2 Ke4 42. Kc2 Be5 43. h3 Rb8 44. Bf3+ Kf4 45. Bc6 h4
46. Bd7 Ra8 47. Kb3 Ke4 48. Bxb5 Rc8 49. Rf3 Bf4 50. c4 g5 51. c5 Rd8 52. Bc6+
Kd4 53. Rf1 Ke3 54. Re1+ Kd2 55. Re7 1-0

[Event "Lliga Catalana eq. DH"]
[Site "?"]
[Date "2014.03.29"]
[Round "?"]
[White "Moreno Garcia, EP."]
[Black "Izquierdo, J."]
[Result "1-0"]
[WhiteElo "2102"]
[BlackElo "1887"]
[PlyCount "81"]
[EventDate "2014.??.??"]
[EventType "team"]
[EventCountry "ESP"]

1. e4 c5 2. c3 Nc6 3. d4 cxd4 4. cxd4 e6 5. Nc3 Nf6 6. e5 Nd5 7. Nf3 Be7 8. Bd3
O-O 9. O-O d6 10. exd6 Bxd6 11. Ne4 Be7 12. a3 a6 13. Bc2 Nf6 14. Qd3 Nxe4 15.
Qxe4 f5 16. Qd3 Bf6 17. Rd1 Qe8 18. Bb3 Kh8 19. Bf4 Ne7 20. Re1 Ng6 21. Be5 Qd8
22. Rac1 Nxe5 23. Nxe5 Qe7 24. d5 Qd6 25. f4 Bxe5 26. fxe5 Qb6+ 27. Qe3 Qd8 28.
d6 Bd7 29. Rc7 Rb8 30. Rec1 Qe8 31. Qg5 Rf7 32. R1c3 f4 33. Rh3 Qg8 34. Bc2 h6
35. Bg6 Rc8 36. Bxf7 Qxf7 37. Rxc8+ Bxc8 38. Qd8+ Qg8 39. Qxg8+ Kxg8 40. Rc3
Bd7 41. Rc7 1-0

[Event "Lliga Catalana eq. DH"]
[Site "?"]
[Date "2014.03.29"]
[Round "?"]
[White "Moskalenko, V."]
[Black "Vidarte Morales, A."]
[Result "1/2-1/2"]
[WhiteElo "2583"]
[BlackElo "2408"]
[PlyCount "92"]
[EventDate "2014.??.??"]
[EventType "team"]
[EventCountry "ESP"]

1. d4 d5 2. c4 e6 3. Nc3 Be7 4. cxd5 exd5 5. Bf4 c6 6. e3 Nf6 7. Bd3 Nbd7 8. h3
O-O 9. Nf3 Re8 10. Qc2 Nf8 11. O-O-O Be6 12. g4 Rc8 13. Kb1 a6 14. Ng5 c5 15.
Nxe6 fxe6 16. dxc5 Bxc5 17. Qb3 b5 18. e4 d4 19. Ne2 Kh8 20. e5 N6d7 21. Ng3
Qb6 22. Ne4 Ng6 23. Bg3 Ngxe5 24. f4 Nxd3 25. Qxd3 Be7 26. Qxd4 Nc5 27. Nxc5
Bxc5 28. Qe4 Bf2 29. Bxf2 Qxf2 30. Rhf1 Qc5 31. Rfe1 Rf8 32. Rc1 Qf2 33. Rxc8
Rxc8 34. f5 e5 35. a3 h6 36. Qxe5 b4 37. Qe3 Qc2+ 38. Ka2 bxa3 39. Re2 Qc4+ 40.
b3 Qc3 41. Qxc3 Rxc3 42. h4 h5 43. gxh5 Rc5 44. Re6 a5 45. f6 gxf6 46. Rxf6
Rxh5 1/2-1/2

[Event "Lliga Catalana eq. DH"]
[Site "?"]
[Date "2014.03.29"]
[Round "?"]
[White "Panelo Muñoz, MA."]
[Black "Aloma Vidal, R."]
[Result "0-1"]
[WhiteElo "2472"]
[BlackElo "2471"]
[PlyCount "62"]
[EventDate "2014.??.??"]
[EventType "team"]
[EventCountry "ESP"]

1. d4 Nf6 2. c4 e6 3. Nf3 d5 4. Nc3 dxc4 5. e3 a6 6. a4 c5 7. Bxc4 Nc6 8. O-O
Be7 9. b3 cxd4 10. exd4 O-O 11. Bb2 Nb4 12. Ne5 b6 13. Qe2 Bb7 14. Rad1 Nbd5
15. Nxd5 Bxd5 16. Rd3 Qc7 17. Rg3 b5 18. axb5 axb5 19. Bd3 Ba3 20. Bc3 Bd6 21.
Bd2 Ra2 22. Qe1 Rfa8 23. Bg5 Nd7 24. Rh3 g6 25. Nxf7 Bf4 26. Bxf4 Qxf4 27. Bxb5
Qxf7 28. Bc4 Nb6 29. Rf3 Qd7 30. Rf6 Nxc4 31. bxc4 Bxc4 0-1

[Event "Lliga Catalana eq. DH"]
[Site "?"]
[Date "2014.01.25"]
[Round "?"]
[White "Pinsach Gelabert, A."]
[Black "Rechi Perez, F."]
[Result "1-0"]
[WhiteElo "2295"]
[BlackElo "2024"]
[PlyCount "59"]
[EventDate "2014.??.??"]
[EventType "team"]
[EventCountry "ESP"]

1. e4 e6 2. d4 d5 3. Nd2 c5 4. exd5 exd5 5. Ngf3 Nf6 6. Bb5+ Bd7 7. Qe2+ Qe7 8.
O-O Qxe2 9. Bxe2 Be7 10. dxc5 Bxc5 11. Nb3 Be7 12. Bg5 h6 13. Bxf6 Bxf6 14. c3
O-O 15. Rad1 Be6 16. Nfd4 Bxd4 17. Nxd4 Nc6 18. Rfe1 Rad8 19. Nxe6 fxe6 20. Bg4
d4 21. Bxe6+ Kh8 22. c4 d3 23. Bd5 Nb4 24. Bxb7 Nxa2 25. c5 Rf5 26. c6 Rc5 27.
Re7 d2 28. c7 Rc8 29. Bxc8 Rc1 30. Bg4 1-0

[Event "Lliga Catalana eq. DH"]
[Site "?"]
[Date "2014.01.25"]
[Round "?"]
[White "Ribera Baztan, J."]
[Black "Vives Esmerat, J."]
[Result "1/2-1/2"]
[WhiteElo "2201"]
[BlackElo "2369"]
[PlyCount "66"]
[EventDate "2014.??.??"]
[EventType "team"]
[EventCountry "ESP"]

1. d4 g6 2. c4 Bg7 3. e4 d6 4. Nf3 Bg4 5. Be2 Nc6 6. Be3 e5 7. d5 Bxf3 8. Bxf3
Nd4 9. Bxd4 exd4 10. Nd2 c5 11. O-O Ne7 12. Be2 O-O 13. f4 f5 14. Bd3 Qd7 15.
Qf3 fxe4 16. Bxe4 Rf7 17. Rae1 Raf8 18. g3 h6 19. Qd3 Rf6 20. Kg2 g5 21. fxg5
hxg5 22. Rxf6 Rxf6 23. Rf1 Rxf1 24. Qxf1 Be5 25. Qf3 g4 26. Qe2 Kh8 27. Bc2 Nf5
28. Nf1 Nh6 29. Qe4 Qg7 30. Bd1 Qg5 31. Bc2 Qg7 32. Bd1 Kg8 33. Bc2 Kf8 1/2-1/2

[Event "Lliga Catalana eq. DH"]
[Site "?"]
[Date "2014.03.29"]
[Round "?"]
[White "Sanchez Ibern, M."]
[Black "Perez Mitjans, O."]
[Result "1/2-1/2"]
[WhiteElo "2445"]
[BlackElo "2471"]
[PlyCount "134"]
[EventDate "2014.??.??"]
[EventType "team"]
[EventCountry "ESP"]

1. Nf3 Nf6 2. d4 g6 3. Bg5 Bg7 4. Nbd2 O-O 5. c3 d6 6. e4 e5 7. dxe5 dxe5 8.
Bc4 Nc6 9. h3 Qe7 10. O-O h6 11. Be3 g5 12. Re1 g4 13. hxg4 Nxg4 14. Nf1 Kh7
15. b4 Rg8 16. Ng3 Nxe3 17. Rxe3 Nd8 18. Qb3 a5 19. a4 Bf8 20. Nf5 Qf6 21. N3h4
Ne6 22. Rg3 Rxg3 23. fxg3 Ng5 24. Rf1 Qb6+ 25. Kh2 Be6 26. b5 Rd8 27. Nf3 Nxe4
28. Bxe6 Qxe6 29. Qxe6 fxe6 30. Ne3 Bc5 31. Ng4 h5 32. Ngxe5 Kg8 33. c4 Bd6 34.
Re1 Nc5 35. Ng6 Nxa4 36. Ra1 Nb2 37. Rxa5 Nxc4 38. Ra4 Ne3 39. Ng5 Re8 40. Ne4
Kf7 41. Nh4 Ng4+ 42. Kh3 Nf6 43. Ng5+ Ke7 44. Ra7 Rg8 45. Nhf3 b6 46. Kh4 Kd7
47. Ra2 e5 48. Rd2 Kc8 49. Nf7 Rg4+ 50. Kh3 e4 51. Nxd6+ cxd6 52. Rxd6 Nd7 53.
Nd4 e3 54. Ne2 Re4 55. Rh6 Re5 56. g4 hxg4+ 57. Kxg4 Rxb5 58. Kf4 Ne5 59. Rh8+
Kc7 60. Kxe3 Rb2 61. Rg8 b5 62. Nd4 b4 63. Rg5 Kd6 64. Nb5+ Ke6 65. Nd4+ Kd6
66. Nb5+ Kd5 67. Nc7+ Kd6 1/2-1/2

[Event "Lliga Catalana eq. DH"]
[Site "?"]
[Date "2014.03.29"]
[Round "?"]
[White "Teixido Ponce, A."]
[Black "Martinez Pardo, A."]
[Result "0-1"]
[WhiteElo "1878"]
[BlackElo "1814"]
[PlyCount "88"]
[EventDate "2014.??.??"]
[EventType "team"]
[EventCountry "ESP"]

1. e4 e6 2. Nf3 d5 3. exd5 exd5 4. d4 Nf6 5. Nc3 Bd6 6. Bd3 O-O 7. O-O Bg4 8.
h3 Bh5 9. Bg5 c6 10. Re1 Nbd7 11. Be2 Qb6 12. Rb1 Qc7 13. Qd3 Bg6 14. Qd1 b5
15. Ra1 b4 16. Nb1 a5 17. Nbd2 Rfe8 18. Nh4 Ne4 19. Nxe4 Bxe4 20. Bd3 Bf4 21.
Qg4 Bxg5 22. Qxg5 h6 23. Qd2 Nf6 24. Nf5 Bxf5 25. Bxf5 Ne4 26. Qd3 Qf4 27. Bxe4
dxe4 28. Qe3 Qf5 29. c3 Re6 30. Re2 Rae8 31. cxb4 axb4 32. Qb3 Qb5 33. Rae1 c5
34. dxc5 Qxc5 35. Rc2 Qa7 36. a3 bxa3 37. bxa3 e3 38. f3 e2+ 39. Kh1 Qf2 40.
Qb1 Rg6 41. Rg1 Qxg1+ 42. Kxg1 e1=Q+ 43. Qxe1 Rxe1+ 44. Kf2 Ra1 0-1

[Event "Lliga Catalana eq. DH"]
[Site "?"]
[Date "2014.03.29"]
[Round "?"]
[White "Trepat Herranz, J."]
[Black "Cruz Estrada, F."]
[Result "0-1"]
[WhiteElo "2416"]
[BlackElo "2486"]
[PlyCount "108"]
[EventDate "2014.??.??"]
[EventType "team"]
[EventCountry "ESP"]

1. e4 e6 2. d3 d5 3. Nd2 c5 4. Ngf3 Nf6 5. g3 Nc6 6. Bg2 Be7 7. O-O b5 8. exd5
exd5 9. d4 O-O 10. dxc5 Bxc5 11. Nb3 Bb6 12. Nbd4 Na5 13. Nxb5 Ba6 14. a4 Ne4
15. Nfd4 Qf6 16. c3 Rac8 17. Be3 Nc4 18. Qe2 Rfe8 19. Rad1 g6 20. Rfe1 Re7 21.
Qc2 Nxe3 22. fxe3 h5 23. Rf1 Qg5 24. Rf4 Qe5 25. Bxe4 dxe4 26. Qb3 Bb7 27. Na3
Bd5 28. Qb5 Rc5 29. Qe2 Be6 30. Nxe6 Qxe6 31. Nb5 Qb3 32. Rd4 Rce5 33. Rb4 Qe6
34. Nd4 Qd7 35. Rf1 h4 36. Rf4 hxg3 37. hxg3 Rg5 38. Kg2 Bc7 39. Qf2 Rh5 40. g4
Rg5 41. Kh3 f5 42. Rb7 Rh7+ 43. Kg2 Qd5 44. Rxc7 Rxc7 45. Qh4 Rxg4+ 46. Rxg4
fxg4 47. Qxg4 Rf7 48. Qc8+ Rf8 49. Qg4 Qf7 50. Qe2 Kg7 51. Kg1 Qf6 52. Qg2 Re8
53. Qg4 Re5 54. Qd7+ Kh6 0-1

[Event "Lliga Catalana eq. DH"]
[Site "?"]
[Date "2014.03.29"]
[Round "?"]
[White "Vehi Bach, VM."]
[Black "Cruz Sanchez, C."]
[Result "1/2-1/2"]
[WhiteElo "2381"]
[BlackElo "2593"]
[PlyCount "25"]
[EventDate "2014.??.??"]
[EventType "team"]
[EventCountry "ESP"]

1. e4 c5 2. Nf3 Nc6 3. d4 cxd4 4. Nxd4 Nf6 5. Nc3 e5 6. Ndb5 h6 7. Nd6+ Bxd6 8.
Qxd6 Qe7 9. Qxe7+ Kxe7 10. Be3 d6 11. f3 Be6 12. O-O-O Rac8 13. g4 1/2-1/2